| 000 | 01324cam a22003737a 4500 | ||
|---|---|---|---|
| 003 | CHAP | ||
| 005 | 20220329135614.0 | ||
| 008 | 971013s1994 r 00010 d | ||
| 010 | _a39202 | ||
| 011 | _a40174 | ||
| 035 | _a44299 | ||
| 040 | _cCHAP | ||
| 090 | _aTesis | ||
| 100 | 0 | 0 |
_aPérez Bernabé, Julio César. _989538 |
| 245 | 0 | _aEfecto de la micorriza vesículo-arbuscular sobre el enraizamiento de esquejes de la planta de crisantemo (Chrysanthemum morifolium Ramat) | |
| 260 |
_aChapingo, Méx. : _bEl autor, _c1994 |
||
| 300 |
_a73 h. _b: ilus. |
||
| 502 | _aTesis (Ing. Agr. Esp. en Suelos) -- UACH. Departamento de Suelos | ||
| 590 |
_aALEPH _b10 _c20130110 _lUCH01 _h1306 |
||
| 590 |
_aBATCH-UPD _b10 _c20130110 _lUCH01 _h1702 |
||
| 590 |
_aBATCH-UPD _b10 _c20130410 _lUCH01 _h1050 |
||
| 590 |
_aBATCH-UPD _b10 _c20130914 _lUCH01 _h0341 |
||
| 590 |
_aBATCH-UPD _b10 _c20130914 _lUCH01 _h2120 |
||
| 590 |
_aCONVERSION _b10 _c20130109 _lUCH01 _h1322 |
||
| 650 | 1 | 4 |
_aAcido indolbutírico. _9590 |
| 650 | 1 | 4 |
_aCrisantemo _xPropagación. _928965 |
| 650 | 1 | 4 |
_aDendranthema morifolium. _931769 |
| 650 | 1 | 4 |
_aEnraizamiento. _937013 |
| 650 | 1 | 4 |
_aMicorriza. _975486 |
| 901 | _aBK | ||
| 942 | _cFOLL | ||
| 949 |
_bBC _cTES _d-101500 _eTS1 _h27688 _i44299 _si |
||
| 949 |
_bBC _cTES _d33724000004800 _eTS2 _fc.2 _h27689 _i44299 _si |
||
| 999 |
_c39202 _d39202 |
||